000 00299nam a2200121Ia 4500
008 220217s9999||||xx |||||||||||||| ||und||
082 _a894.814 3 BAI
100 _aBairappa, S.L
245 0 _aMandra
260 _aSahithya bandara
_bBangalore
_c2002
300 _b275
650 _aGENERAL BOOKS
999 _c172405
_d172405